000 00363nam a2200145Ia 4500
008 230917s9999||||xx |||||||||||||| ||und||
040 _e72702
_aMAIN
041 _aEnglish
082 _a658 C385P
100 _aChary, S N
245 0 _aProduction and operations management
260 _aNew Delhi
_bTata McGraw-Hill
_c1988
300 _axii, 493 p.
942 _cBK
999 _c66193
_d66193